| 000 | 01428nam a2200433 i 4500 | ||
|---|---|---|---|
| 001 | 10938 | ||
| 003 | KOSZ 005 | ||
| 005 | 20200701112944.0 | ||
| 008 | 200421s1967 pl f d 000 0 pol | ||
| 015 | _aPB 1967/9143 | ||
| 035 | _a(OCoLC)749265270 | ||
| 040 |
_aWA N _cWA N _dKOSZ 005/EG _dKOSZ 005/HR _dKOSZ 005/RW |
||
| 041 | 0 |
_apol _aeng |
|
| 046 | _k1967 | ||
| 080 | _a54 | ||
| 080 | _a(03) | ||
| 245 | 1 | 0 |
_aSłownik chemiczny polsko-angielski / _credakcja Dobromiła Kryt. |
| 246 | 3 | _aPolish-English chemical dictionary. | |
| 260 |
_aWarszawa : _bWydawnictwa Naukowo-Techniczne, _c1967. |
||
| 300 |
_a[10], 400, [4] stron ; _c22 cm. |
||
| 336 |
_aTekst _btxt _2rdacontent |
||
| 337 |
_aBez urządzenia pośredniczącego _bn _2rdamedia |
||
| 338 |
_aWolumin _bnc _2rdacarrier |
||
| 380 | _aKsiążki | ||
| 380 | _aPublikacje informacyjne | ||
| 388 | _a1901-2000 | ||
| 388 | _a1945-1989 | ||
| 546 | _aWstęp w języku polskim i angielskim. | ||
| 650 | 7 | _aTerminologia | |
| 650 | 7 | _aTechnologia chemiczna | |
| 650 | 7 | _aChemia | |
| 655 | 7 | _aSłownik polsko-angielski | |
| 655 | 7 | _aSłownik terminologiczny | |
| 658 | _aChemia | ||
| 700 | 1 |
_aKryt, Dobromiła _eRedakcja |
|
| 710 | 2 |
_aWydawnictwa Naukowo-Techniczne _4pbl |
|
| 856 |
_uhttp://koha.tu.koszalin.pl/cgi-bin/koha/opac-detail.pl?biblionumber=10938 _yKatalog online BPK |
||
| 942 |
_2UKD _cKS |
||
| 999 |
_c10938 _d10938 |
||